Представление документа в формате MARC21

Поле Инд. ПП Название Значение
Тип записи a
Библиографический уровень m
001 Контрольный номер 2eb3533e7c394e66ac546776ea3199b2
005 Дата корректировки 20210331171324.4
008 Кодируемые данные 210331s1988 ru |||||||||||000|||rus|d
040 a Служба первич. каталог. ЦГБ г. В. Луки
b Код языка каталог. rus
041 0_ a Код языка текста rus
084 2 Источник индекса rubbk
a Индекс другой классификации/Индекс ББК 65.8
090 x Авторский знак Н 30
j Имя библиотеки ЦГБ г. В. Луки
097 b Оператор КЕИ-р
245 10 a Заглавие Народное хозяйство социалистических стран в 1987 году
245 10 b Продолж. заглавия сообщения статистических управлений
260 a Место издания Москва
b Издательство Финансы и статистика
c Дата издания 1988
300 a Объем 220 с.
650 14 a Основная рубрика Экономика
653 1_ a Ключевые слова народное хозяйство
901 t Тип документа m